Colección de algunos documentos sobre los primeros tiempos de Arequipa mandados publicar por el Concejo provincial con ocasión del 1er. cententario de la batalla de Ayacucho. (Record no. 184605)

MARC details
000 -LEADER
campo de control de longitud fija 00865nam a2200205 i 4500
001 - NÚMERO DE CONTROL
campo de control 184605
003 - IDENTIFICADOR DE NÚMERO DE CONTROL
campo de control ES-MaACL
005 - FECHA Y HORA DE LA ÚLTIMA TRANSACCIÓN
campo de control 20260223111209.0
008 - DATOS DE LONGITUD FIJA--INFORMACIÓN GENERAL
campo de control de longitud fija 151027s1924 mx |||| | spa d
245 00 - MENCIÓN DEL TÍTULO
Título Colección de algunos documentos sobre los primeros tiempos de Arequipa mandados publicar por el Concejo provincial con ocasión del 1er. cententario de la batalla de Ayacucho.
260 ## - PUBLICACIÓN, DISTRIBUCIÓN, ETC.
Lugar de publicación, distribución, etc. [S.l.] :
Nombre del editor, distribuidor, etc. [s.n.],
Fecha de publicación, distribución, etc. 1924 (
Lugar de fabricación/manufactura Arequipa :
Fabricante Tip. Cartig. & Rivera)
300 ## - DESCRIPCIÓN FÍSICA
Extensión 325 p., [14] h. de lám. ;
Dimensiones 19 cm.
530 ## - NOTA DISPONIBLE DE FORMULARIO FÍSICO ADICIONAL
Nota de formato físico adicional disponible Disponible en formato digital.
610 24 - PUNTO DE ACCESO ADICIONAL DE MATERIA--NOMBRE DE ENTIDAD CORPORATIVA
Nombre de entidad corporativa o nombre de jurisdicción como elemento de entrada Archivo Municipal (Arequipa)-
Subdivisión de forma Catálogos.
9 (RLIN) 158026
651 #4 - PUNTO DE ACCESO ADICIONAL DE MATERIA--NOMBRE GEOGRÁFICO
Nombre geográfico Arequipa-
Subdivisión general Historia-
Subdivisión de forma Fuentes.
9 (RLIN) 158027
852 ## - LOCALIZACIÓN
Ubicación ES-MaACL
Número de control de estantería F-6657
Ubicación en estantería Depósito 2
856 4# - LOCALIZACIÓN Y ACCESO ELECTRÓNICOS
Identificador Uniforme de Recursos <a href="http://bdh-rd.bne.es/viewer.vm?id=0000119989&page=1 ">http://bdh-rd.bne.es/viewer.vm?id=0000119989&page=1 </a>
Texto de enlace Biblioteca Digital Hispánica
942 ## - ELEMENTOS DE ENTRADA SECUNDARIOS (KOHA)
Fuente del sistema de clasificación o colocación Clasificación decimal universal
Holdings
Estatus retirado Estado de pérdida Estado de daño No para préstamo Colección Biblioteca de origen Biblioteca actual Ubicación en estantería Fecha de adquisición Fuente de adquisición Total de préstamos Signatura topográfica completa Código de barras Visto por última vez Precio de reemplazo Tipo de ítem Koha
        Colección digital Biblioteca del Ateneo de Madrid Biblioteca del Ateneo de Madrid Depósito 2 27/10/2015     F-6657 1194360 23/02/2023 23/02/2023 Libro impreso